|
|
|
|
| LEADER |
00000naa2a2200000 4500 |
| 001 |
384437 |
| 005 |
20231101063240.0 |
| 035 |
|
|
|a (RuTPU)RU\TPU\prd\11078
|
| 090 |
|
|
|a 384437
|
| 100 |
|
|
|a 20030227a2003 k y0rusy50 ca
|
| 101 |
0 |
|
|a rus
|
| 102 |
|
|
|a RU
|
| 200 |
1 |
|
|a Мониторинг окружающей среды
|a Инфракрасный лидар для дистанционного контроля пленок нефтепродуктов на взволнованной водной поверхности
|a Лазерный оптико-акустический газоанализатор
|a Малогабаритный пассивный дистанционный газоанализатор Т-1
|a Многофункциональный лидарно-радиолокационный комплекс обнаружения загрязнений и контроля их распостранения для экологического мониторинга окружающей среды
|a Дистанционный лазерный измеритель характеристик атмосферы
|
| 225 |
1 |
|
|a Практические разработки
|
| 461 |
|
1 |
|0 (RuTPU)RU\TPU\prd\1137
|t Безопасность жизнедеятельности
|o научно-практический и учебно-методический журнал
|d 2001-
|
| 463 |
|
1 |
|0 (RuTPU)RU\TPU\prd\10991
|t № 1
|v С. 45-46
|d 2003
|
| 610 |
1 |
|
|a мониторинг
|
| 610 |
1 |
|
|a окружающая среда
|
| 610 |
1 |
|
|a загрязнения
|
| 610 |
1 |
|
|a лидар
|
| 610 |
1 |
|
|a газоанализатор
|
| 801 |
|
1 |
|a RU
|b 63413507
|c 20030227
|g PSBO
|
| 942 |
|
|
|c BK
|